000 00698nam a2200277Ia 4500
005 20260324140348.0
008 008 260324s9999 xx 000 0 eng d
020 _a9780203091401
037 _aEBOOK
040 _aCRL
040 _beng
040 _cCRL
041 _2eng
041 _aeng
084 _qCRL
100 _aMarco Maraffi; Kenneth Newton; Jan Van Deth; Paul Whiteley; Hans Keman
_91204109
245 0 _aSocial Capital and European Democracy
260 _bTaylor and Francis
260 _c1999
365 _a
365 _b59.99
856 _uhttp://www.taylorfrancis.com/books/9780203091401
942 _cEBOOK
999 _c1806109
_d1806109